| 000 | 00595nam a2200241Ia 4500 | ||
|---|---|---|---|
| 003 | OSt | ||
| 005 | 20221007103921.0 | ||
| 006 | a|||||r|||| 00| 0 | ||
| 007 | ta | ||
| 008 | 221006b |||||||| |||| 00| 0 eng d | ||
| 024 | _a14,389 | ||
| 037 | _cTextual | ||
| 040 |
_aLCO _cLCO _beng |
||
| 041 |
_2eng _aeng |
||
| 082 | _aZ2,94, M7 | ||
| 100 |
_aAnthony F. _9705643 |
||
| 245 | 0 | _aLaw of Evidence | |
| 260 |
_aAllahabad _bDhingra & Company India _c1987 |
||
| 300 | _a514 | ||
| 650 | _aEVIDENCE | ||
| 942 |
_hZ2,94, M7 _cTEXL |
||
| 999 |
_c1183952 _d1183952 |
||